Statistics for Rihanna Singles 2005 - 2017

Click here to take the quiz!

General Stats

  • This quiz has been taken 443 times
    (332 since last reset)
  • The average score is 24 of 46

Answer Stats

Answers% Correct
Umbrella
89%
Pon de Replay
82%
Only Girl (in the World)
81%
Diamonds
80%
Disturbia
79%
Work
79%
S&M
78%
Rude Boy
76%
What's My Name?
74%
SOS
73%
We Found Love
70%
Don't Stop the Music
69%
California King Bed
66%
Shut Up and Drive
66%
Stay
65%
Unfaithful
65%
Russian Roulette
64%
Take a Bow
64%
Man Down
61%
Love on the Brain
59%
Needed Me
58%
Where Have You Been
58%
Bitch Better Have My Money
56%
Talk That Talk
51%
Rehab
49%
Te Amo
47%
FourFiveSeconds
46%
Hard
44%
Kiss It Better
44%
Cheers (Drink to That)
43%
You da One
42%
Pour It Up
38%
If It's Lovin' that You Want
34%
American Oxygen
33%
We Ride
33%
What Now
33%
Birthday Cake
31%
Rockstar 101
30%
Right Now
25%
Raining Men
24%
Break It Off
23%
If I Never See Your Face Again
23%
Loveeeeeee Song
22%
Wait Your Turn
21%
Cockiness (Love It) Remix
19%
Jump
18%

Score Distribution

Percentile by Number Answered

Percent of People with Each Score

Your Score History

You have not taken this quiz since the last reset